| 000 | 00766nam a2200241 a 4500 | ||
|---|---|---|---|
| 001 | BRCA_3652 | ||
| 005 | 20190320204353.0 | ||
| 008 | 280809s1995----cc-a---###---#000-0#eng-# | ||
| 020 | _a0934351503 | ||
| 041 | _aeng | ||
| 044 | _acc | ||
| 050 | 4 |
_aE78.A7 _b.M37 1995 |
|
| 100 | 1 |
_aMarshall, Ann E. _99469 |
|
| 245 | 1 | 0 |
_aThe Heard Museum _bHistory and Collections. _cAnn E. Marshall y Mary H. Brennan. |
| 260 |
_aHong Kong _bThe Heard Museum _c1995 |
||
| 300 |
_a48 p. _bil. a color _c31 cm. |
||
| 650 | 1 | 4 |
_aHeart Museum _99470 |
| 650 | 1 | 4 |
_aIndígenas de Norteamérica _xMuseos _zArizona _99471 |
| 650 | 1 | 4 |
_aIndígenas de Norteamérica _xAntigüedades _zArizona _99472 |
| 651 | 4 |
_aArizona _xAntigüedades _99473 |
|
| 700 | 1 |
_aBrennan, Mary H _99474 |
|
| 942 |
_2lcc _cB |
||
| 999 |
_c3386 _d3386 |
||